000 00695nam a22002177a 4500
999 _c17388
_d17388
003 AR-CdUCM
008 190305b ||||| |||| 00| 0 spa d
040 _aMUNICIPALIDAD PROVINCIAL DEL CUSCO
_cBIBLIOTECA MUNICIPAL DEL CUSCO
082 _a828.81 /
_bB24
_24ed.
100 _aBrontë, Charlotte
_910482
245 _aJane Eyre /
260 _aMadrid :
_bEspasa-Calpe,
_c1973.
300 _a319 páginas ;
_c18.5 cm.
440 _aColección austral ;
_n1182
_937374
505 _aContenido : Novela.
650 _aNovelas francesas
_9571
650 _aNovelas latinoamericanas
_910483
700 _aLuaces, Juan G. De (traductor)
_96713
942 _2ddc
_cLIBROS
945 _aacv
_d2019-05-08